| 000 | 00475nam a22001817a 4500 | ||
|---|---|---|---|
| 005 | 20260604154005.0 | ||
| 008 | 260604b |||||||| |||| 00| 0 eng d | ||
| 020 |
_a9788199237995 _c2995.00 |
||
| 040 | _aMAIN | ||
| 041 | _aEnglish | ||
| 082 |
_a001.42 _bKOT |
||
| 100 |
_akothari, L.N. _924748 |
||
| 245 |
_aResearch Methodology _b: Theory And Practice |
||
| 260 |
_aNew Delhi _bAcademic _c2026 |
||
| 300 | _a320 | ||
| 650 |
_aManagement (PM USHA) _927020 |
||
| 942 | _cBK | ||
| 999 |
_c61020 _d61020 |
||